| 000 | 01408cam a2200385 a 4500 | ||
|---|---|---|---|
| 001 | 22230 | ||
| 003 | VRT | ||
| 005 | 20260323135706.0 | ||
| 008 | 251031s2006 xo g 000 f slo | ||
| 015 | _aSNBA2007/04-01300 | ||
| 020 |
_a805511255X _q(viaz.) |
||
| 035 | _aF99CC481-3682-47C8-AC7D-5B0F53D2FA26 | ||
| 035 | _aurn:nbn:sk:snk-amlf8j | ||
| 035 | _aurn:nbn:sk:snk-am008xxh | ||
| 039 | 9 |
_a202510310916 _bVLOAD _c202403141146 _dVLOAD _c202401161303 _dAUTHORITY _c202209231009 _dmsnk170 |
|
| 040 |
_aPOKPOH _bslo _cPOKPOH _dSNK _eAACR 2 |
||
| 041 | 1 |
_aslo _heng |
|
| 044 |
_axo _cSK |
||
| 072 | 7 |
_a821.111(73) _xAmerická literatúra _2konspekt |
|
| 080 |
_a821.111(73)-31 _22001 |
||
| 080 |
_a(0:82-312.5) _22001 |
||
| 100 | 1 |
_aEvans Porter, Margaret _4aut |
|
| 240 | 1 | 0 |
_aSweet lavender _lSlovensky |
| 245 | 1 | 0 |
_aSladká levanduľa _cMargaret Evansová Porterová ; [z anglického originálu preložila Lucia Nižníková-Kollárová] |
| 250 | _a[1.] slov. vyd. | ||
| 260 |
_aBratislava _bIkar _c2006 |
||
| 300 |
_a213 s. _c21 cm |
||
| 655 | 7 |
_aľúbostné romány _2SNKPH |
|
| 655 | 7 |
_aamerické romány _2SNKPH |
|
| 700 | 1 |
_aNižníková-Kollárová, Lucia, _d1976- _4trl |
|
| 942 |
_2ddc _cKLDO _n0 |
||
| 949 |
_617A0529629 _asnkSC 125676 _bsnk2006/23953 _o2146/06 _s6100:20151111 |
||
| 949 |
_617A0533594 _asnkSC 125676 D1 _bsnk2007/68 _o2146/06OS |
||
| 949 |
_6273K0466992 _asvkpoA 197309 _bsvkpo493517 |
||
| 999 |
_c22230 _d22230 |
||